| 000 | nam a22 a 4500 | ||
|---|---|---|---|
| 999 |
_c170224 _d170224 |
||
| 003 | BLK | ||
| 005 | 20200803132116.0 | ||
| 008 | 180411b bul|||||r ||||||| ||bul|| | ||
| 010 | _aKNG00178349000 | ||
| 040 | _aBLK | ||
| 041 |
_aBUL _cBUL |
||
| 080 |
_aГеография на Конго _b916.72 _z916.72 |
||
| 080 |
_aСоциография. Социално положение. Условия на политическия и социалния живот. Социално и социално-икономическо положение на отделните страни, народи, раси. Социална география. (Общи въпроси) _b308 _x(672.4) _z308(672.4) |
||
| 100 | 1 |
_aМанев, Георги Христов _eпърви автор _9338489 |
|
| 139 |
_aМанев, Георги Христов _bМ 25 |
||
| 245 | 1 | 0 |
_aКонго _bГеогр. очерк _cГеорги Христов Манев. |
| 257 | _aBGR | ||
| 260 |
_bНаука и изкуство _c1962 _aСофия |
||
| 300 |
_a164 с. _bс ил. _c18 см |
||
| 380 | _a91 | ||
| 490 | 1 | _aБиблиотека при Българското географско дружество | |
| 650 | 4 |
_aКонго _9159138 |
|
| 653 | _aфизическа география | ||
| 653 | _aикономическа география | ||
| 653 | _aКонго | ||
| 852 |
_aЦб І 5315 _bЦб |
||
| 856 | 4 | _qpdf | |
| 942 |
_cKNG _n0 _s1 |
||
| 944 |
_aCR _c06.07.2015 _kТеодора_Стоянова |
||
| 944 |
_aED _c2020-08-03 _kРенета Константинова |
||
| 999 | _d170224 | ||